000 00589nam a2200205 a 4500
001 BRL_901
005 20190320210939.0
008 231013s1957----mx-a######---#000-0#spa-#
041 _aspa
044 _amx
050 4 _aF1219.1O11
_b.M66 1957
245 1 0 _aMonte Alban Mitla
_bGuia Oficial
260 _aMéxico, D.F.
_bInstituto Nacional de Antropología e Historia
_c1957
300 _a39 p.
_bil.
_c20 cm.
500 _aAu1052
651 4 _aMonte Albán, Sitio (Oaxaca, México)
_vGuías
_925276
651 4 _aMitla (Oaxaca, México)
_vGuías
_925277
902 _aGRL
942 _2lcc
_cB
999 _c9713
_d9713